000 00602nam a2200217Ia 4500
005 20241129110232.0
008 241129s9999||||xx |||||||||||||| ||und||
020 _a978-93-82775-14-0
037 _aTB
040 _aARTS
_beng
_cARTS
041 _aeng
_2urd
084 _aO168,1L56:g K1;Q5
_qARTS
100 _aParvez Aslam Au.
245 0 _aInsha Allah Khan Insha: ahad aur fun
_cParvez Aslam Au.
260 _aDelhi, India
_bkitab ghar
_c2017
300 _a223p.
365 _aINR
_b127
650 _aUrdu Poetry
942 _cTB
_hO168,1L56:g K1;Q5
999 _c1227831
_d1227831